| 000 | 00341nam a2200145Ia 4500 | ||
|---|---|---|---|
| 008 | 230917s9999||||xx |||||||||||||| ||und|| | ||
| 040 |
_e77470 _aMAIN |
||
| 041 | _aEnglish | ||
| 082 | _a342 V823W | ||
| 100 | _aVishnoo Bhagwan | ||
| 245 | 0 | _aWorld constitutions | |
| 260 |
_aNew Delhi _bSterling _c1987 |
||
| 300 | _axi, 79 p. | ||
| 942 | _cBK | ||
| 999 |
_c60460 _d60460 |
||